|
|
|
|
| LEADER |
00000nam a2200000 a 4500 |
| 001 |
vtls009514405 |
| 003 |
SK-MaSNL |
| 005 |
20260302080540.0 |
| 008 |
240313s2008 xo o d 000 0 slo |
| 015 |
|
|
|a SNBA2009/06-03238
|
| 020 |
|
|
|a 9788096993949
|q (brož.)
|
| 040 |
|
|
|a SNK
|b slo
|c SNK
|e AACR2
|
| 041 |
1 |
|
|a slo
|h ger
|
| 044 |
|
|
|a xo
|c SK
|
| 072 |
|
7 |
|a 27-5
|x Kresťanské umenie a symbolika. Duchovný život
|2 konspekt
|
| 080 |
|
|
|a 27-184
|2 2001
|
| 080 |
|
|
|a 27-423.79
|2 2001
|
| 080 |
|
|
|a 27-4
|2 2001
|
| 080 |
|
|
|a 27-584
|2 2001
|
| 080 |
|
|
|a 272-532.3/.4
|2 2001
|
| 080 |
|
|
|a (0:82-97)
|2 2001
|
| 080 |
|
|
|a (048.8)
|2 2001
|
| 080 |
|
|
|a 27-277.2
|2 2001
|
| 100 |
1 |
|
|a Waldhierová, Monika
|4 aut
|9 446735
|
| 245 |
1 |
0 |
|a Deväť dní s milujúcim Otcom
|b [novéna]
|c Monika Waldhierová, Peter J. Matuška ; [z nemeckého originálu preložili: Elfrieda Gräbnerová a Eva Grolmusová]
|
| 250 |
|
|
|a [1. vyd.]
|
| 260 |
|
|
|a Hrubý Šúr
|b Shalom
|c [2008]
|
| 300 |
|
|
|a 59 s.
|b fareb. fotogr.
|c 19 cm
|
| 504 |
|
|
|a Pozn.
|
| 521 |
|
|
|a Pre súkromnú potrebu
|
| 650 |
0 |
7 |
|a Boh a človek
|2 SNKPH
|9 1711
|
| 650 |
0 |
7 |
|a kresťanská láska
|2 SNKPH
|9 4352
|
| 650 |
0 |
7 |
|a kresťanský život
|2 SNKPH
|9 1808
|
| 650 |
0 |
7 |
|a duchovný život
|2 SNKPH
|9 1807
|
| 650 |
0 |
7 |
|a novény
|2 SNKPH
|9 1969
|
| 650 |
0 |
7 |
|a biblické citáty
|2 SNKPH
|9 1914
|
| 655 |
|
7 |
|a modlitby
|2 SNKPH
|9 70550
|
| 655 |
|
7 |
|a úvahy
|2 SNKPH
|9 29403
|
| 700 |
1 |
|
|a Matuška, Peter J.
|4 aut
|9 441995
|
| 700 |
1 |
|
|a Gräbnerová, Elfrieda
|4 trl
|9 744805
|
| 700 |
1 |
|
|a Grolmusová, Eva
|4 trl
|9 744806
|
| 919 |
|
|
|a 978-80-969939-4-9
|
| 958 |
|
|
|a NT
|
| 958 |
|
|
|a OP
|
| 968 |
|
|
|b DT
|d 2
|
| 999 |
|
|
|c 1173545
|d 1175475
|
| 952 |
|
|
|a SNK
|b SNK
|y PREZ
|7 0
|p 17A0620986
|o snkSD 78226
|i snk2009/8994
|8 0
|0 0
|1 0
|4 0
|d 2009-05-19
|l 0
|r 2025-11-26 00:00:00
|w 2026-02-24
|
| 952 |
|
|
|a SNK
|b SNK
|y VYP
|7 0
|p 17A0620985
|o snkSD 78226 D1
|i snk2009/8995
|8 0
|0 0
|1 0
|4 0
|d 2009-05-19
|l 0
|r 2017-06-30 00:00:00
|w 2026-02-24
|